| 000 | 00446pab a2200181 454500 | ||
|---|---|---|---|
| 008 | 180718b2013 xxu||||| |||| 00| 0 eng d | ||
| 100 | _aOttaviano, Gianmarco I.P. | ||
| 245 | _aImmigration, offshoring, and American jobs | ||
| 260 | _c2013 | ||
| 300 | _ap.1925-1959. | ||
| 362 | _aAug | ||
| 650 | _aImmigration | ||
| 650 | _aEmigration | ||
| 700 | _aWright, Greg C. | ||
| 773 | _aAmerican Economic Review | ||
| 908 | _aN | ||
| 909 | _a99152 | ||
| 999 |
_c99151 _d99151 |
||